[Event "AZE-ch Prelim 78th"]
[Site "Baku"]
[Date "2024.04.15"]
[Round "5"]
[White "Suleymanli, Aydin Elshan"]
[Black "Gadimbayli, Abdulla Azar"]
[Result "1-0"]
[WhiteElo "2607"]
[BlackElo "2489"]
[PlyCount "54"]
[EventDate "2024.04.11"]
[EventType "swiss"]
[EventRounds "9"]
[EventCountry "AZE"]
[SourceTitle "CB17_2024"]
[SourceDate "2024.04.24"]
[SourceVersion "1"]
[SourceVersionDate "2024.04.24"]
[SourceQuality "1"]

1. e4 d5 2. exd5 Qxd5 3. Nc3 Qa5 4. d4 Nf6 5. Nf3 Bf5 6. Ne5 c6 7. g4 Be6 8. Nc4 Qd8 9. Ne3 g6 10. f4 Bg7 11. Bg2 h5 12. f5 Bc8 13. Qd3 Nxg4 14. fxg6 Qxd4 15. gxf7+ Kf8 16. Qe2 Bf6 17. h4 Be6 18. Ne4 Nd7 19. c3 Qe5 20. Nxg4 Bxg4 21. Qf2 Bf5 22. Bf4 Qe6 23. 0-0 Bxe4 24. Rae1 Nc5 25. Qxc5 Qd5 26. Qe3 Bxg2 27. Bh6+ Bg7 1-0

[Event "Moscow Aeroflot op-A"]
[Site "Moscow"]
[Date "2024.03.07"]
[Round "9"]
[White "Suleymanli, Aydin Elshan"]
[Black "Tsydypov, Zhamsaran"]
[Result "1-0"]
[WhiteElo "2609"]
[BlackElo "2521"]
[PlyCount "79"]
[EventDate "2024.03.03"]
[EventType "swiss"]
[EventRounds "9"]
[EventCountry "RUS"]
[SourceTitle "CB11_2024"]
[SourceDate "2024.03.13"]
[SourceVersion "1"]
[SourceVersionDate "2024.03.13"]
[SourceQuality "1"]

1. e4 c5 2. Nf3 e6 3. d4 cxd4 4. Nxd4 a6 5. Bd3 Qc7 6. 0-0 Nf6 7. Qe2 d6 8. c4 Be7 9. b3 b6 10. Bb2 Nbd7 11. Nc3 Bb7 12. Rad1 0-0 13. Kh1 Ne5 14. Bb1 g5 15. f4 gxf4 16. Rxf4 Ne8 17. Qh5 Ng6 18. Nd5 Qd8 19. Nf5 exf5 20. exf5 Nxf4 21. Qg4+ Bg5 22. f6 Ng6 23. Qxg5 Bxd5 24. Rxd5 Rc8 25. h4 Rc5 26. h5 Rxd5 27. cxd5 Qc7 28. Kh2 Qb7 29. Be4 b5 30. b4 Qa7 31. Bf5 Qb7 32. Be4 Qa7 33. Ba1 Qc7 34. Bd3 Qa7 35. hxg6 hxg6 36. Bxg6 fxg6 37. Qxg6+ Ng7 38. fxg7 Rf7 39. Qh6 Rxg7 40. Qxg7+ 1-0

[Event "Moscow Aeroflot op-A"]
[Site "Moscow"]
[Date "2024.03.06"]
[Round "7"]
[White "Suleymanli, Aydin Elshan"]
[Black "Lobanov, Sergei"]
[Result "1/2-1/2"]
[WhiteElo "2609"]
[BlackElo "2502"]
[PlyCount "50"]
[EventDate "2024.03.03"]
[EventType "swiss"]
[EventRounds "9"]
[EventCountry "RUS"]
[SourceTitle "CB11_2024"]
[SourceDate "2024.03.13"]
[SourceVersion "1"]
[SourceVersionDate "2024.03.13"]
[SourceQuality "1"]

1. e4 e5 2. Nf3 Nc6 3. Bb5 a6 4. Ba4 Nf6 5. 0-0 b5 6. Bb3 Bc5 7. a4 Rb8 8. axb5 axb5 9. Nxe5 Nxe5 10. d4 Bxd4 11. Qxd4 d6 12. f4 Nc6 13. Qd3 0-0 14. Nc3 Nb4 15. Qd2 Qe7 16. e5 dxe5 17. fxe5 Ng4 18. Qe2 Be6 19. Bxe6 fxe6 20. Bf4 Qc5+ 21. Kh1 Qc4 22. Qxg4 Nxc2 23. b3 Qxc3 24. Qxe6+ Kh8 25. Rad1 Rbe8 1/2-1/2

[Event "Moscow Aeroflot op-A"]
[Site "Moscow"]
[Date "2024.03.05"]
[Round "6"]
[White "Kukhmazov, Arsen"]
[Black "Suleymanli, Aydin Elshan"]
[Result "1/2-1/2"]
[WhiteElo "2498"]
[BlackElo "2609"]
[PlyCount "36"]
[EventDate "2024.03.03"]
[EventType "swiss"]
[EventRounds "9"]
[EventCountry "RUS"]
[SourceTitle "CB11_2024"]
[SourceDate "2024.03.13"]
[SourceVersion "1"]
[SourceVersionDate "2024.03.13"]
[SourceQuality "1"]

1. d4 Nf6 2. c4 e6 3. Nf3 d5 4. g3 Be7 5. Bg2 0-0 6. 0-0 dxc4 7. Qc2 a6 8. a4 Bd7 9. Rd1 Bc6 10. Bg5 Nbd7 11. Nbd2 h6 12. Bxf6 Nxf6 13. Nxc4 Be4 14. Qc3 Nd5 15. Qb3 Nb4 16. Ne1 Bxg2 17. Nxg2 a5 18. Nf4 c6 1/2-1/2

[Event "Moscow Aeroflot op-A"]
[Site "Moscow"]
[Date "2024.03.04"]
[Round "4"]
[White "Shubin, Kirill"]
[Black "Suleymanli, Aydin Elshan"]
[Result "0-1"]
[WhiteElo "2458"]
[BlackElo "2609"]
[PlyCount "62"]
[EventDate "2024.03.03"]
[EventType "swiss"]
[EventRounds "9"]
[EventCountry "RUS"]
[SourceTitle "CB11_2024"]
[SourceDate "2024.03.13"]
[SourceVersion "1"]
[SourceVersionDate "2024.03.13"]
[SourceQuality "1"]

1. e4 c6 2. d4 d5 3. exd5 cxd5 4. Bd3 Nf6 5. c3 Bg4 6. Qb3 Qc7 7. h3 Bd7 8. Nf3 e6 9. 0-0 Bc6 10. Re1 Nbd7 11. Na3 a6 12. Nc2 Bd6 13. Ne3 0-0 14. Qc2 Rae8 15. a4 e5 16. dxe5 Nxe5 17. Nd4 Nxd3 18. Qxd3 Bh2+ 19. Kh1 Ne4 20. Rf1 Nc5 21. Qd1 Be5 22. Nf3 Qd7 23. Nxe5 Rxe5 24. Qd4 Qe7 25. f4 Rh5 26. Qd1 d4 27. Qxh5 dxe3 28. Qe5 Qh4 29. Kh2 Ne4 30. Bxe3 Qg3+ 31. Kh1 Qxe3 0-1

[Event "Moscow Aeroflot op-A"]
[Site "Moscow"]
[Date "2024.03.03"]
[Round "2"]
[White "Hayrapetyan, Hovik"]
[Black "Suleymanli, Aydin Elshan"]
[Result "1-0"]
[WhiteElo "2432"]
[BlackElo "2609"]
[PlyCount "99"]
[EventDate "2024.03.03"]
[EventType "swiss"]
[EventRounds "9"]
[EventCountry "RUS"]
[SourceTitle "CB11_2024"]
[SourceDate "2024.03.13"]
[SourceVersion "1"]
[SourceVersionDate "2024.03.13"]
[SourceQuality "1"]

1. d4 Nf6 2. c4 e6 3. Nc3 Bb4 4. Nf3 0-0 5. Bg5 c5 6. Rc1 h6 7. Bh4 cxd4 8. Nxd4 d5 9. cxd5 g5 10. Bg3 Qxd5 11. e3 Qxa2 12. Bd3 Qxb2 13. 0-0 Bxc3 14. Rc2 Qb4 15. Nb5 e5 16. Rxc3 Nc6 17. f4 Bg4 18. Qc2 exf4 19. Be1 Qe7 20. Bc4 Ne5 21. Ba2 Kg7 22. exf4 gxf4 23. Bf2 Rac8 24. Re1 a6 25. Nc7 Nfd7 26. h3 Bh5 27. Ne6+ fxe6 28. Rxc8 Bg6 29. Qc3 Rxc8 30. Qxc8 Qd6 31. Qxb7 Bf7 32. Qb2 Kf8 33. Qc3 Ng6 34. Bb3 Kg8 35. Rd1 Qe5 36. Qc8+ Ndf8 37. Re1 Qg5 38. Bxe6 Bxe6 39. Rxe6 Qf5 40. Re8 Qxc8 41. Rxc8 Kf7 42. Rc6 a5 43. Ra6 Ne6 44. Rxa5 Kf6 45. Rh5 Kg7 46. Be1 Ngf8 47. Bc3+ Kg6 48. Re5 Ng5 49. h4 Nge6 50. h5+ 1-0

[Event "Moscow Aeroflot op-A"]
[Site "Moscow"]
[Date "2024.03.03"]
[Round "1"]
[White "Suleymanli, Aydin Elshan"]
[Black "Zarubitski, Viachaslau"]
[Result "1-0"]
[WhiteElo "2609"]
[BlackElo "2402"]
[PlyCount "37"]
[EventDate "2024.03.03"]
[EventType "swiss"]
[EventRounds "9"]
[EventCountry "RUS"]
[SourceTitle "CB11_2024"]
[SourceDate "2024.03.13"]
[SourceVersion "1"]
[SourceVersionDate "2024.03.13"]
[SourceQuality "1"]

1. e4 e5 2. Nf3 Nf6 3. Nxe5 d6 4. Nf3 Nxe4 5. Nc3 Nxc3 6. dxc3 Be7 7. Be3 Nd7 8. Qd2 0-0 9. 0-0-0 c6 10. Bd3 d5 11. h4 Nf6 12. Bg5 Be6 13. Rde1 Re8 14. Nd4 Bd6 15. c4 h6 16. Nxe6 Rxe6 17. Rxe6 fxe6 18. Be3 Ng4 19. Bd4 1-0

[Event "Chessable Masters Play In"]
[Site "Chess.com INT"]
[Date "2024.01.31"]
[Round "2"]
[White "Aditya, Mittal"]
[Black "Suleymanli, Aydin Elshan"]
[Result "0-1"]
[WhiteElo "2588"]
[BlackElo "2609"]
[PlyCount "90"]
[EventDate "2024.01.31"]
[EventType "swiss (rapid)"]
[EventRounds "9"]
[EventCountry "USA"]
[SourceTitle "CB06_2024"]
[SourceDate "2024.02.07"]
[SourceVersion "1"]
[SourceVersionDate "2024.02.07"]
[SourceQuality "1"]

1. d4 Nf6 2. c4 e6 3. Nc3 Bb4 4. Nf3 0-0 5. Bg5 h6 6. Bh4 c5 7. Rc1 cxd4 8. Nxd4 d5 9. cxd5 g5 10. Bg3 Qxd5 11. e3 Qxa2 12. Bd3 Qxb2 13. 0-0 Bxc3 14. Rc2 Qb4 15. Nb5 e5 16. Rxc3 Nc6 17. f4 exf4 18. exf4 Nd5 19. Rb3 Qe7 20. Re1 Qf6 21. fxg5 hxg5 22. Nd6 Rd8 23. Qh5 Nf4 24. Bxf4 gxf4 25. Bc4 Be6 26. Bxe6 Rxd6 27. Qg4+ Kf8 28. Bf5 Nd4 29. Bh7 Qg7 30. Qxg7+ Kxg7 31. Rxb7 Kxh7 32. Rxf7+ Kg6 33. Rxf4 Ne6 34. Rg4+ Kf7 35. Rb4 a5 36. Rb7+ Kg6 37. Re7 Kf6 38. Rb7 a4 39. Rf1+ Kg6 40. h4 a3 41. g4 a2 42. Ra1 Rd2 43. Rb6 Kf7 44. Rb7+ Kg8 45. Rb4 Nd4 0-1

[Event "Chessable Masters Play In"]
[Site "Chess.com INT"]
[Date "2024.01.31"]
[Round "8"]
[White "Meskovs, Nikita"]
[Black "Suleymanli, Aydin Elshan"]
[Result "1-0"]
[WhiteElo "2532"]
[BlackElo "2609"]
[PlyCount "137"]
[EventDate "2024.01.31"]
[EventType "swiss (rapid)"]
[EventRounds "9"]
[EventCountry "USA"]
[SourceTitle "CB06_2024"]
[SourceDate "2024.02.07"]
[SourceVersion "1"]
[SourceVersionDate "2024.02.07"]
[SourceQuality "1"]

1. d4 Nf6 2. c4 g6 3. Nc3 Bg7 4. e4 d6 5. Nf3 0-0 6. h3 e5 7. d5 Na6 8. Be3 Nh5 9. a3 f5 10. b4 Nf6 11. c5 dxc5 12. Bxa6 cxb4 13. axb4 bxa6 14. 0-0 Ne8 15. d6 Be6 16. Ng5 Bc4 17. dxc7 Nxc7 18. Qxd8 Rfxd8 19. Rfc1 f4 20. Na4 fxe3 21. Rxc4 exf2+ 22. Kxf2 Nb5 23. Nc5 Rd2+ 24. Kg1 Rc8 25. Rxa6 Bh6 26. h4 Nd6 27. Rc3 Rd4 28. Rf3 Nb5 29. Re6 Rxb4 30. Nd7 Bxg5 31. hxg5 Nd4 32. Re7 Nxf3+ 33. gxf3 Rb1+ 34. Kg2 Rc2+ 35. Kh3 Rh1+ 36. Kg3 Rg1+ 37. Kh3 a5 38. Nf6+ Kf8 39. Rd7 Rh1+ 40. Kg3 Rg1+ 41. Kh3 Rh1+ 42. Kg3 Rc6 43. Ra7 h5 44. Nd7+ Ke8 45. Nxe5 Rc5 46. Kf4 Rh4+ 47. Kg3 Rh1 48. Kf4 h4 49. Ra8+ Ke7 50. Nxg6+ Kd6 51. Ne5 h3 52. Ra6+ Kc7 53. Ng4 h2 54. g6 Kb7 55. g7 Kxa6 56. g8Q a4 57. Qa2 Ka5 58. Nxh2 Rhc1 59. Ng4 R1c2 60. Qa1 Rc1 61. Qb2 R1c2 62. Qb8 a3 63. Ne3 Rb2 64. Qa7+ Kb4 65. Nd5+ Rxd5 66. exd5 a2 67. d6 Rd2 68. d7 Kb3 69. Qe3+ 1-0

[Event "Wch Blitz"]
[Site "Samarkand"]
[Date "2023.12.30"]
[Round "18"]
[White "Suleymanli, Aydin Elshan"]
[Black "Gukesh, Dommaraju"]
[Result "1-0"]
[WhiteElo "2609"]
[BlackElo "2720"]
[PlyCount "62"]
[EventDate "2023.12.29"]
[EventType "swiss (blitz)"]
[EventRounds "21"]
[EventCountry "UZB"]
[SourceTitle "CB01_2024"]
[SourceDate "2024.01.03"]
[SourceVersion "1"]
[SourceVersionDate "2024.01.03"]
[SourceQuality "1"]

1. e4 c5 2. Nf3 Nc6 3. Bb5 e6 4. Bxc6 bxc6 5. d3 Qc7 6. Nbd2 Ne7 7. h4 e5 8. Nc4 d6 9. h5 h6 10. c3 Be6 11. b3 Ng8 12. Ne3 Nf6 13. Nh4 d5 14. Qf3 0-0-0 15. 0-0 Nh7 16. Qe2 Ng5 17. Ng4 Rg8 18. f4 exf4 19. Bxf4 Bd6 20. Bxd6 Qxd6 21. e5 Qd7 22. Ne3 g6 23. hxg6 fxg6 24. d4 Ne4 25. Qd3 Kb7 26. Rf3 Qe7 27. g3 Qg5 28. Neg2 Rdf8 29. Raf1 Rxf3 30. Rxf3 Qg4 31. Ne3 Qh5 1-0

[Event "Wch Blitz"]
[Site "Samarkand"]
[Date "2023.12.30"]
[Round "17"]
[White "Suleymanli, Aydin Elshan"]
[Black "Riazantsev, Alexander"]
[Result "0-1"]
[WhiteElo "2609"]
[BlackElo "2616"]
[PlyCount "68"]
[EventDate "2023.12.29"]
[EventType "swiss (blitz)"]
[EventRounds "21"]
[EventCountry "UZB"]
[SourceTitle "CB01_2024"]
[SourceDate "2024.01.03"]
[SourceVersion "1"]
[SourceVersionDate "2024.01.03"]
[SourceQuality "1"]

1. e4 c5 2. Nf3 e6 3. d4 cxd4 4. Nxd4 Nf6 5. Nc3 Nc6 6. Nxc6 bxc6 7. e5 Nd5 8. Ne4 Qc7 9. f4 a5 10. c4 Bb4+ 11. Ke2 0-0 12. a3 Be7 13. cxd5 cxd5 14. Nc3 f6 15. exf6 Rxf6 16. g3 Rb8 17. Kf2 Bc5+ 18. Kg2 Bb7 19. Bd3 e5 20. Re1 e4 21. Bf1 e3 22. Nxd5 Qd6 23. Bc4 Rf5 24. Bxe3 Rxd5 25. Bxd5+ Bxd5+ 26. Kg1 Rxb2 27. Rc1 Rg2+ 28. Kf1 Qa6+ 29. Re2 Bf3 30. Qb3+ d5 31. Qb8+ Bf8 32. Rcc2 Rxe2 33. Bc5 Rxc2+ 34. Kg1 Rxc5 0-1

[Event "Wch Blitz"]
[Site "Samarkand"]
[Date "2023.12.30"]
[Round "20"]
[White "Vokhidov, Shamsiddin"]
[Black "Suleymanli, Aydin Elshan"]
[Result "1-0"]
[WhiteElo "2596"]
[BlackElo "2609"]
[PlyCount "83"]
[EventDate "2023.12.29"]
[EventType "swiss (blitz)"]
[EventRounds "21"]
[EventCountry "UZB"]
[SourceTitle "CB01_2024"]
[SourceDate "2024.01.03"]
[SourceVersion "1"]
[SourceVersionDate "2024.01.03"]
[SourceQuality "1"]

1. e4 e5 2. Nf3 Nc6 3. Bb5 a6 4. Ba4 Nf6 5. 0-0 Be7 6. Re1 b5 7. Bb3 0-0 8. h3 Bb7 9. d3 d5 10. exd5 Nxd5 11. Nc3 Nxc3 12. bxc3 Bf6 13. Nd2 Na5 14. Ba3 Re8 15. Ne4 g6 16. Qf3 Kg7 17. Qe3 Be7 18. Nc5 Bxc5 19. Bxc5 h6 20. f3 Qd7 21. Re2 Nxb3 22. axb3 Re6 23. Qf2 Rae8 24. Qg3 Qc6 25. Qf2 Qd7 26. Be3 g5 27. Bc5 f5 28. Rae1 f4 29. c4 bxc4 30. bxc4 Kf7 31. Ra1 h5 32. Ra5 Rg6 33. Ba3 g4 34. fxg4 hxg4 35. Raxe5 Rxe5 36. Rxe5 f3 37. Qc5 Re6 38. Qf8+ Kg6 39. Qf5+ Kg7 40. Qxe6 f2+ 41. Kxf2 Qd4+ 42. Kg3 1-0

[Event "Wch Rapid"]
[Site "Samarkand"]
[Date "2023.12.27"]
[Round "7"]
[White "Suleymanli, Aydin Elshan"]
[Black "Kuzubov, Yuriy"]
[Result "1/2-1/2"]
[WhiteElo "2609"]
[BlackElo "2613"]
[PlyCount "159"]
[EventDate "2023.12.26"]
[EventType "swiss (rapid)"]
[EventRounds "13"]
[EventCountry "UZB"]
[SourceTitle "CB01_2024"]
[SourceDate "2024.01.03"]
[SourceVersion "1"]
[SourceVersionDate "2024.01.03"]
[SourceQuality "1"]

1. c4 Nf6 2. Nf3 e6 3. g3 d5 4. Bg2 Be7 5. 0-0 0-0 6. d4 dxc4 7. Qc2 a6 8. a4 Bd7 9. Rd1 Bc6 10. Nc3 Bxf3 11. Bxf3 Nc6 12. Bxc6 bxc6 13. a5 Nd5 14. e4 Nb4 15. Qe2 Nd3 16. Ra4 Qxd4 17. Be3 Qf6 18. Rxc4 Ne5 19. Bd4 Nf3+ 20. Kg2 Nxd4 21. Rdxd4 Qe5 22. Rd7 Bd6 23. f4 Qxa5 24. e5 Bb4 25. Ne4 Rad8 26. Rcd4 Rxd7 27. Rxd7 h6 28. Qg4 Qa2 29. Nf6+ Kh8 30. Nh5 g6 31. Nf6 Qxb2+ 32. Kh3 Qb1 33. Qxe6 Qf1+ 34. Kh4 g5+ 35. fxg5 hxg5+ 36. Kh5 Qe2+ 37. Qg4 Qxh2+ 38. Kxg5 Bd2+ 39. Kf5 Qf2+ 40. Ke4 Bh6 41. Qh5 Qc2+ 42. Kf3 Kg7 43. Ne8+ Kg8 44. Nf6+ Kg7 45. Ne8+ Kg8 46. Qg4+ Kh8 47. Nf6 Qc3+ 48. Kf2 Qxe5 49. Qg6 Qe3+ 50. Kg2 Qe2+ 51. Kh3 Qf1+ 52. Kh2 Qf2+ 53. Kh3 Qf1+ 54. Kg4 Qe2+ 55. Kh4 Qh2+ 56. Kg4 Bg7 57. Rxf7 Rxf7 58. Qxf7 Qe2+ 59. Kh4 Bxf6+ 60. Qxf6+ Kg8 61. Qg6+ Kf8 62. Qf6+ Ke8 63. Qxc6+ Kf7 64. g4 Qe6 65. Qc2 Qh6+ 66. Kg3 Qd6+ 67. Kh4 Kg7 68. g5 Qe5 69. Kh5 a5 70. Qc6 Qh2+ 71. Kg4 Qd6 72. Qc3+ Kg6 73. Qc2+ Kf7 74. Qf5+ Kg7 75. Qxa5 Qd1+ 76. Kf4 Qd4+ 77. Kf5 Qd7+ 78. Kf4 Kg6 79. Qc5 Kh5 80. Ke4 1/2-1/2

[Event "Titled Tuesday intern op 19th Dec Early"]
[Site "Chess.com INT"]
[Date "2023.12.19"]
[Round "1"]
[White "Suleymanli, Aydin Elshan"]
[Black "Nurgaliyeva, Zarina"]
[Result "1-0"]
[WhiteElo "2609"]
[BlackElo "2113"]
[PlyCount "93"]
[EventDate "2023.12.19"]
[EventType "swiss (blitz)"]
[EventRounds "11"]
[EventCountry "USA"]
[SourceTitle "CB52_2023"]
[SourceDate "2023.12.27"]
[SourceVersion "1"]
[SourceVersionDate "2023.12.27"]
[SourceQuality "1"]

1. e4 e5 2. Nf3 Nc6 3. Bc4 Bc5 4. d3 h6 5. c3 d6 6. b4 Bb6 7. a4 a5 8. b5 Nce7 9. Qb3 f5 10. Nh4 Nf6 11. Bf7+ Kf8 12. Bg6 d5 13. Ba3 Kg8 14. Bxe7 Qxe7 15. Nxf5 Bxf5 16. Bxf5 Rd8 17. 0-0 Qf7 18. Nd2 g6 19. Bh3 Kg7 20. Qc2 Nh5 21. g3 Rhf8 22. Kh1 dxe4 23. Nxe4 Qf3+ 24. Bg2 Qxd3 25. Qb3 Qd5 26. Qxd5 Rxd5 27. c4 Rd4 28. c5 Ba7 29. Rfb1 Nf6 30. b6 cxb6 31. cxb6 Bxb6 32. Nc3 Nd7 33. Nd5 Bc5 34. Rxb7 Rf7 35. Rc1 Rd2 36. Nc7 Bxf2 37. Rf1 Nc5 38. Ra7 Nxa4 39. Rxa5 Rxc7 40. Rxa4 Bd4 41. Be4 h5 42. Ra6 Rcc2 43. Rxg6+ Kh7 44. Rf7+ Kh8 45. Rf8+ Kh7 46. Rg4+ Kh6 47. Rh8# 1-0

[Event "Gashimov Memorial Blitz 9th"]
[Site "Baku"]
[Date "2023.12.11"]
[Round "14"]
[White "Gelfand, Boris"]
[Black "Suleymanli, Aydin Elshan"]
[Result "1/2-1/2"]
[WhiteElo "2660"]
[BlackElo "2609"]
[PlyCount "115"]
[EventDate "2023.12.11"]
[EventType "tourn (blitz)"]
[EventRounds "18"]
[EventCountry "AZE"]
[EventCategory "18"]
[SourceTitle "CB50_2023"]
[SourceDate "2023.12.13"]
[SourceVersion "1"]
[SourceVersionDate "2023.12.13"]
[SourceQuality "1"]

1. Nf3 Nf6 2. g3 d5 3. Bg2 e6 4. c4 Be7 5. d4 0-0 6. 0-0 dxc4 7. Qc2 a6 8. a4 Bd7 9. Qxc4 Bc6 10. Bg5 Nbd7 11. Nc3 a5 12. Rfd1 h6 13. Bxf6 Nxf6 14. e3 Rc8 15. Qe2 Bb4 16. Ne5 Bxg2 17. Kxg2 c6 18. e4 Qc7 19. Rac1 Rfd8 20. Nc4 Be7 21. e5 Ne8 22. h4 Rd7 23. Rd3 Rcd8 24. Rcd1 Bb4 25. h5 b5 26. Ne3 bxa4 27. Nxa4 c5 28. Nxc5 Bxc5 29. dxc5 Rxd3 30. Rxd3 Rxd3 31. Qxd3 Qxc5 32. Qe4 Nc7 33. b3 Qb5 34. Nc4 Nd5 35. Qd3 Qb7 36. Kg1 Qb4 37. Kg2 Qb7 38. Kg1 Qb4 39. Kg2 Qc5 40. Nd6 Nb4 41. Qf3 Qc6 42. Qxc6 Nxc6 43. Nc4 f6 44. f4 fxe5 45. fxe5 g6 46. g4 gxh5 47. gxh5 Kf7 48. Kf2 Ke7 49. Ke3 Kd7 50. Ke4 Kc7 51. Nd6 Ne7 52. Nf7 Nf5 53. Kd3 Kc6 54. Kc4 Ne3+ 55. Kd3 Nf5 56. Kc4 Ne3+ 57. Kd3 Nf5 58. Kc4 1/2-1/2

[Event "Gashimov Memorial Blitz 9th"]
[Site "Baku"]
[Date "2023.12.11"]
[Round "6"]
[White "Mamedyarov, Shakhriyar"]
[Black "Suleymanli, Aydin Elshan"]
[Result "1/2-1/2"]
[WhiteElo "2723"]
[BlackElo "2609"]
[PlyCount "141"]
[EventDate "2023.12.11"]
[EventType "tourn (blitz)"]
[EventRounds "18"]
[EventCountry "AZE"]
[EventCategory "18"]
[SourceTitle "CB50_2023"]
[SourceDate "2023.12.13"]
[SourceVersion "1"]
[SourceVersionDate "2023.12.13"]
[SourceQuality "1"]

1. d4 Nf6 2. c4 e6 3. Nc3 Bb4 4. Nf3 0-0 5. Qb3 c5 6. Bg5 h6 7. Bh4 Nc6 8. e3 cxd4 9. Nxd4 Be7 10. Rd1 Na5 11. Qa4 Qb6 12. Qc2 Qc5 13. a3 Nc6 14. Be2 a6 15. 0-0 Rd8 16. b4 Qa7 17. Ne4 g5 18. Bg3 d5 19. cxd5 Nxd4 20. Rxd4 Nxd5 21. Rfd1 Bd7 22. Nc5 Bxc5 23. bxc5 Rac8 24. Bd6 Bb5 25. Qd2 b6 26. cxb6 Qxb6 27. Bxb5 Rxd6 28. Be2 Rdc6 29. Bd3 Kg7 30. h4 Nf6 31. Rb4 Qa5 32. Qb2 Rc3 33. hxg5 hxg5 34. a4 Qe5 35. Bxa6 Rh8 36. g3 g4 37. Rb5 Qe4 38. Rg5+ Kh6 39. Bb7 Qc2 40. Qxc2 Rxc2 41. Rb5 Ra2 42. a5 Kg6 43. a6 Nd5 44. Bxd5 exd5 45. Rb6+ f6 46. Rb4 f5 47. Rb6+ Kg5 48. Kg2 Rc8 49. Rd6 Rcc2 50. Rf1 Rd2 51. Kg1 Kh5 52. Rb6 Kg5 53. Rc6 Kh5 54. Rb6 Kg5 55. Rb4 Rxa6 56. Rf4 Re6 57. Rc1 Re4 58. Rc6 d4 59. Rc5 Rxf4 60. exf4+ Kf6 61. Kf1 Rd1+ 62. Ke2 Ra1 63. Rd5 Ra2+ 64. Kf1 Ra1+ 65. Kg2 Ra4 66. Re5 Ra2 67. Re8 Ra1 68. Rd8 Ra4 69. Kf1 Ra1+ 70. Ke2 Ra2+ 71. Kf1 1/2-1/2

[Event "Gashimov Memorial Blitz 9th"]
[Site "Baku"]
[Date "2023.12.11"]
[Round "9"]
[White "Suleymanli, Aydin Elshan"]
[Black "Erigaisi, Arjun Kumar"]
[Result "0-1"]
[WhiteElo "2609"]
[BlackElo "2727"]
[PlyCount "124"]
[EventDate "2023.12.11"]
[EventType "tourn (blitz)"]
[EventRounds "18"]
[EventCountry "AZE"]
[EventCategory "18"]
[SourceTitle "CB50_2023"]
[SourceDate "2023.12.13"]
[SourceVersion "1"]
[SourceVersionDate "2023.12.13"]
[SourceQuality "1"]

1. e4 c5 2. Nf3 e6 3. d4 cxd4 4. Nxd4 Nf6 5. Nc3 Bb4 6. Bd3 d5 7. exd5 Nxd5 8. Bd2 Nxc3 9. bxc3 Be7 10. 0-0 Nd7 11. Bf4 0-0 12. Re1 Nc5 13. Rb1 Nxd3 14. Qxd3 Bc5 15. Qg3 b6 16. Re5 Re8 17. Nc6 Qd7 18. Rxc5 bxc5 19. Be5 f5 20. Na5 Ba6 21. h4 Rad8 22. Kh2 h6 23. Nc6 Rc8 24. Nb8 Rxb8 25. Bxb8 Qf7 26. Be5 Kh7 27. Rd1 Bb7 28. f3 Bd5 29. a3 Rg8 30. Rb1 g5 31. hxg5 Qh5+ 32. Qh3 Qxh3+ 33. Kxh3 hxg5 34. Kg3 Kg6 35. Rh1 Bc6 36. Rh8 f4+ 37. Kf2 Rxh8 38. Bxh8 Ba4 39. Be5 Bxc2 40. Bd6 c4 41. g3 Kf5 42. g4+ Kf6 43. Bc7 e5 44. Bd8+ Kg6 45. Bc7 e4 46. fxe4 Bd1 47. Bb8 a6 48. Bc7 Bxg4 49. Bd8 Bh5 50. Bc7 Bd1 51. Bb8 Kf6 52. Bc7 Bc2 53. Kf3 Kg6 54. Bd6 Kh5 55. Bc7 Kh4 56. Bxf4 gxf4 57. Kxf4 Kh3 58. e5 Kg2 59. e6 Kf2 60. Ke5 Ke3 61. e7 Ba4 62. Kd5 Kd3 0-1

[Event "Gashimov Memorial Blitz 9th"]
[Site "Baku"]
[Date "2023.12.11"]
[Round "5"]
[White "Suleymanli, Aydin Elshan"]
[Black "Gelfand, Boris"]
[Result "1-0"]
[WhiteElo "2609"]
[BlackElo "2660"]
[PlyCount "79"]
[EventDate "2023.12.11"]
[EventType "tourn (blitz)"]
[EventRounds "18"]
[EventCountry "AZE"]
[EventCategory "18"]
[SourceTitle "CB50_2023"]
[SourceDate "2023.12.13"]
[SourceVersion "1"]
[SourceVersionDate "2023.12.13"]
[SourceQuality "1"]

1. c4 c5 2. Nf3 Nf6 3. Nc3 Nc6 4. d4 cxd4 5. Nxd4 e6 6. a3 d5 7. cxd5 exd5 8. g3 Bc5 9. Be3 Bb6 10. Bg2 0-0 11. 0-0 Re8 12. Nxc6 bxc6 13. Bd4 Ba6 14. Re1 Ng4 15. Na4 Ne5 16. Rc1 Nc4 17. b3 Bxd4 18. Qxd4 Nxa3 19. Qb4 Nb5 20. Rxc6 Bb7 21. Qxb5 Bxc6 22. Qxc6 Qa5 23. Kf1 Rad8 24. Rd1 d4 25. Bf3 Qf5 26. Kg2 Qe5 27. Qc5 Qb8 28. b4 Rc8 29. Qxd4 Rcd8 30. Bd5 Kh8 31. e4 f6 32. Nc3 Rc8 33. Ra1 Re7 34. b5 Rec7 35. Bc6 Rd8 36. Nd5 Rf7 37. Qc5 Rc8 38. Ra4 Rd8 39. Nf4 Rc8 40. Qh5 1-0

[Event "Gashimov Memorial Blitz 9th"]
[Site "Baku"]
[Date "2023.12.11"]
[Round "8"]
[White "Vidit, Santosh Gujrathi"]
[Black "Suleymanli, Aydin Elshan"]
[Result "1-0"]
[WhiteElo "2737"]
[BlackElo "2609"]
[PlyCount "105"]
[EventDate "2023.12.11"]
[EventType "tourn (blitz)"]
[EventRounds "18"]
[EventCountry "AZE"]
[EventCategory "18"]
[SourceTitle "CB50_2023"]
[SourceDate "2023.12.13"]
[SourceVersion "1"]
[SourceVersionDate "2023.12.13"]
[SourceQuality "1"]

1. e4 e5 2. Nf3 Nc6 3. d4 exd4 4. Nxd4 Nf6 5. Nxc6 bxc6 6. Nd2 d5 7. exd5 cxd5 8. Bb5+ Bd7 9. Bxd7+ Qxd7 10. 0-0 Be7 11. b3 a5 12. a4 0-0 13. Bb2 Ra6 14. Qf3 Bb4 15. Rad1 Re8 16. Nc4 Ne4 17. Qd3 c6 18. Ne3 Qc8 19. c4 dxc4 20. Qxc4 c5 21. Qc2 Rg6 22. Rd5 h6 23. Rfd1 Ng5 24. Qf5 Qxf5 25. Rxf5 Ne6 26. Kf1 Rg5 27. Rxg5 hxg5 28. Nd5 f6 29. g3 Kf7 30. Ne3 Rd8 31. Rxd8 Nxd8 32. Ke2 Ke6 33. Kd3 Nb7 34. Nc4 Kd5 35. h3 Be1 36. Ke2 Bb4 37. Ke3 Nd6 38. Nxd6 Kxd6 39. Ke4 Be1 40. g4 Ke6 41. f3 g6 42. Bc1 Bb4 43. Be3 f5+ 44. gxf5+ gxf5+ 45. Kd3 f4 46. Bc1 Kd5 47. Bb2 Be1 48. Bf6 Bh4 49. Bd8 Be1 50. Bxg5 Bg3 51. Bd8 Be1 52. Bf6 Bf2 53. Bc3 1-0

[Event "Gashimov Memorial Rapid 9th"]
[Site "Baku"]
[Date "2023.12.09"]
[Round "4"]
[White "Rapport, Richard"]
[Black "Suleymanli, Aydin Elshan"]
[Result "1/2-1/2"]
[WhiteElo "2731"]
[BlackElo "2609"]
[PlyCount "124"]
[EventDate "2023.12.08"]
[EventType "tourn (rapid)"]
[EventRounds "9"]
[EventCountry "AZE"]
[EventCategory "18"]
[SourceTitle "CB50_2023"]
[SourceDate "2023.12.13"]
[SourceVersion "1"]
[SourceVersionDate "2023.12.13"]
[SourceQuality "1"]

1. Nf3 Nf6 2. g3 d5 3. Bg2 e6 4. 0-0 Be7 5. d3 0-0 6. Nbd2 Nc6 7. d4 a5 8. c3 a4 9. Re1 b6 10. e4 Nxe4 11. Nxe4 dxe4 12. Rxe4 Bb7 13. Re1 Na5 14. Qc2 Bd5 15. h4 c5 16. dxc5 bxc5 17. Rd1 Qb6 18. Bg5 f6 19. Bf4 Qc6 20. Qe2 Rfe8 21. h5 Bf8 22. Nh4 Bxg2 23. Nxg2 Rad8 24. Nh4 c4 25. Be3 Qe4 26. Re1 Rd3 27. Qc2 Qc6 28. Ng2 e5 29. Nh4 Rb8 30. Qe2 Qe4 31. Rac1 Nb7 32. Qc2 Qc6 33. b3 axb3 34. axb3 Rc8 35. Ra1 Nd6 36. Ra4 Qd5 37. bxc4 Rxc4 38. Rxc4 Qxc4 39. Qe2 Rxc3 40. Qf3 Qc6 41. Qg4 Qc8 42. Qf3 Qb7 43. Qg4 Rc4 44. Qh3 Qf7 45. Rd1 Rc6 46. Nf5 Nxf5 47. Qxf5 Qe6 48. Qxe6+ Rxe6 49. g4 Kf7 50. Rd7+ Re7 51. Rxe7+ Bxe7 52. Kg2 f5 53. gxf5 Kf6 54. h6 gxh6 55. f3 h5 56. Bf2 Kxf5 57. Bg3 h4 58. Bxe5 Kxe5 59. f4+ Kxf4 60. Kh1 Kg3 61. Kg1 Bd6 62. Kh1 Bc5 1/2-1/2